| 000 | 00435nam a22001817a 4500 | ||
|---|---|---|---|
| 005 | 20230920191304.0 | ||
| 008 | 230920b |||||||| |||| 00| 0 eng d | ||
| 020 | _a9788120321977 | ||
| 082 |
_a621.31 _bKOT-P |
||
| 100 | _aKothari,D.P | ||
| 245 | _aPower System Optimization | ||
| 260 |
_aIndia _bPHI Publisher _c2007 |
||
| 300 | _a572 | ||
| 500 | _aInclude Index | ||
| 650 | _aEngineering | ||
| 700 | _aD.P.Kothari | ||
| 999 |
_c33660 _d33660 |
||